[Event "Benidorm op-A"]
[Site "Benidorm"]
[Date "2022.12.05"]
[Round "3"]
[White "Sarveshwaran, V."]
[Black "Rodriguez Melendez, Juan Humbert"]
[Result "1-0"]
[WhiteElo "2040"]
[BlackElo "2149"]
[PlyCount "99"]
[EventDate "2022.12.03"]
[EventType "swiss"]
[EventRounds "9"]
[EventCountry "ESP"]
[SourceTitle "CBM 211 Extra"]
[Source "ChessBase"]
[SourceDate "2023.01.31"]
[SourceVersion "1"]
[SourceVersionDate "2023.01.31"]
[SourceQuality "1"]

1. e4 c5 2. Nf3 e6 3. d4 cxd4 4. Nxd4 Nc6 5. Nxc6 bxc6 6. c4 Nf6 7. Bd3 e5 8. 0-0 Bc5 9. Nc3 0-0 10. Bg5 h6 11. Bh4 g5 12. Bg3 d6 13. Qd2 Kg7 14. Kh1 Nh5 15. Be2 Nxg3+ 16. fxg3 Be6 17. Nd1 Rb8 18. b3 Qb6 19. Nb2 Bd4 20. Na4 Qd8 21. Rac1 Qe7 22. Nc3 a5 23. c5 Bxc5 24. Na4 Bd4 25. Rxc6 Rfc8 26. Ra6 Ra8 27. Rxa8 Rxa8 28. h3 Rc8 29. Bd3 Qa7 30. Kh2 Be3 31. Qe2 Qd4 32. Nb2 Rc1 33. Nd1 Bf4 34. gxf4 gxf4 35. Nf2 Rc3 36. Rd1 Qc5 37. Rd2 Qb4 38. Rc2 Rxc2 39. Qxc2 Qe1 40. Qe2 Qa1 41. Bc4 Bxc4 42. bxc4 a4 43. Qg4+ Kf8 44. Qd7 Qc3 45. Qxd6+ Kg7 46. Qd3 Qb2 47. Nd1 Qxa2 48. c5 Qa1 49. c6 Qc1 50. Qc3 1-0